Súkromné podnikanie. Zákony, komentáre, príklady. Diel 1.

Enregistré dans:
Détails bibliographiques
Format: Livre
Publié: Praha : Jurisservis, 1990
Édition:1.dopl.vyd., v slov. jazyku
Tags: Ajouter un tag
Pas de tags, Soyez le premier à ajouter un tag!

MARC

LEADER 00000nam a22000003a 4500
001 stu16607
005 20150408181629.5
008 ------s1990----cs----------------------d
040 |a STU  |b slo 
041 0
044 |a cs 
080 |a 339.16 
245 |a Súkromné podnikanie. Zákony, komentáre, príklady. Diel 1. 
250 |a 1.dopl.vyd., v slov. jazyku 
260 |a Praha :  |b Jurisservis,  |c 1990 
300 |a 323 s 
996 |b C87101  |c C*87101  |l CCXIV  |s P  |a 0  |w stu16607_0001 
996 |b C87102  |c C*87102  |l CCXIV  |s P  |a 0  |w stu16607_0002 
996 |b C87722  |c C*87722  |l CCXIV  |s P  |a 0  |w stu16607_0003 
996 |b C87723  |c C*87723  |l CCXIV  |s P  |a 0  |w stu16607_0004 
996 |b C87724  |c C*87724  |l CCXIV  |s P  |a 0  |w stu16607_0005